000 00458cam a22001814a 4500
005 20250605163600.0
008 250528s ||||||||||||||||||||||||d
035 _a22162
040 _aGR-AtMCL
_bgre
_dGR-AtMCL
_eAACR2
245 1 _aΕΡΩΣ ΦΑΡΜΑΚΟΠΟΙΟΣ
250 _a1
260 _bΚαστανιώτη,
_c1997
300 _a186
700 1 _aΤσαλικογλου Φωτεινη
942 _cBK
999 _c7218
_d7218